000 00307nam a22001337a 4500
008 180129b xxu||||| |||| 00| 0 eng d
020 _a9780060975272
041 _aeng
080 _a316
100 _a50
101 _aSOC
245 _aSilencing the self women and depression
_cJack,D.C
942 _2udc
_cBK
999 _c41194
_d41194